| 000 | 00685nam a22001935i 4500 | ||
|---|---|---|---|
| 001 | 159930 | ||
| 003 | ES-MaACL | ||
| 005 | 20251218063015.0 | ||
| 008 | 040914s1877 fr |||| | fre d | ||
| 040 |
_aCAM _bspa _cCAM |
||
| 100 | 1 |
_aMoltke, Helmuth Karl Bernhard Graf von, _cConde de, _d1800-1891 _9130038 |
|
| 245 | 1 | 0 |
_aLettres du maréchal de Moltke sur l'orient / _ctraduites par Alfred Marchand. |
| 250 | _a2e éd. | ||
| 260 |
_aParis : _bLibrairie Sandoz et Fischbacher, _c1877 ( _fImprimerie Nouvelle) |
||
| 300 |
_aVII, 335 p. ; _c19 cm. |
||
| 700 | 1 | 1 |
_aMarchand, Alfred, _etrad. _9129448 |
| 852 |
_aES-MaACL _jF-13314 _z-- Enc. hol. |
||
| 999 |
_c159930 _d159930 |
||